000 00952nam a2200265Ia 4500
003 OSt
005 20220923210949.0
006 a|||||r|||| 00| 0
007 ta
008 220922b |||||||| |||| 00| 0 hin d
020 _a8126006749 (hb)
024 _a230,896
037 _cTextual
040 _aARTS
_cARTS
_bhin
041 _2hin
_ahin
082 _aO152,1N177x, P4
100 _aशास्त्री, त्रिलोचन, संपा.
_9156585
245 0 _aमुक्तिबोध की कविताएॅं
246 _aMuktibodh kī kavitāeॅan
260 _aनई दिल्ली
_b साहित्य अकादमी
_c1991
300 _a191पृ.
_ccm.
490 _aभारतीय साहित्य के निर्माता
942 _hO152,1N177x, P4
_cTEXL
_2CC
999 _c293216
_d293216